1526 1079 1421 1782 1071 1839 1254 1050 1794 1922 1690 1833 1117 1523 1271 1407 1817 1105 1666 1642 1318 1628 1339 1127 1255 1018 1301 1641 1995 1312 1774 1063 1206 1829 1057 1610 1951 1949 1918 1423 1125 1118 1292 1845 1924 1553 1876 1288 1785 1955 1587 1217 1803 1827 1241 1894 1691 1794 1772 1270 1795 1393 1438 1752 1799 1065 1271 1923 1449 1794 1000 1057 1700 1675 1489 1167 1768 1954 1242 1429 1412 1426 1778 1757 1099 1918 1238 1792 1826 1409 1411 1597 1136 1384 1255 1420 1309 1350 1195 BCNSPRNW ULIB Ver.6.0+V

เปลี่ยนเป็นภาษาไทย

Change to English
 แสดงรายละเอียดบรรณานุกรม
  กลับหน้าหลัก

Brief Record : Get Marc (ISO 2709) : E-mail record : QR code < ปิดหน้าต่าง
LEADER : 00000nam 2200000uu 4500
001    13399128006
003     ULIB
008    020711s2564 th a 000 0 tha d
020    ^a9786169353225
060    ^aWG210^bค695
110    ^aบริษัทกรุงเทพดุสิตเวชการ จำกัด (มหาชน)
245    ^aคู่มือเวชศาสตร์ป้องกันโรคหัวใจ
250    ^aพิมพ์ครั้งที่ 1
260    ^aกรุงเทพฯ :^bบริษัทกรุงเทพดุสิตเวชการ จำกัด (มหาชน),^c2564
300    ^a215 หน้า;^b30 ซม.
650    ^aโรคหัวใจ^xการป้องกัน
945    ^p0^l0^i008587
999    ^aประนอม เกษจรัล
รายการนี้ยังไม่มีแท็ก
คุณยังไม่ได้ล็อกอิน คุณสามารถมีกิจกรรมร่วมกับเว็บไซต์ได้ แต่ต้องล็อกอินก่อน ::
  ล็อกอิน

รายการสื่อสารสนเทศ

ลำดับที่ ประเภท เลขเรียก/บาร์โค้ด สถานที่ สถานะ
1. วิทยาศาสตร์การแพทย์ และสุขภาพ
หนังสือสำรอง
สถานะ=หนังสือสำรอง
WG210 ค695 ฉ.1 
  Barcode: 008587
ห้องสมุดวิทยาเขตสวรรค์ประชารักษ์
►หนังสือทั่วไป
บนชั้น

BibComment


ยังไม่เคยถูกคอมเมนท์

คอมเมนท์ทรัพยากรรายการนี้
  คอมเมนท์: คู่มือเวชศาสตร์ป..


 Copyright 2026. Bcnsprnw @Library